000
00326nam a22001337a 4500
008
171030b xxu||||| |||| 00| 0 eng d
020
_a
9780205782130
041
_a
eng
080
_2
7TH
_a
33
100
_a
58
101
_a
BUS
245
_a
STRATEGIC COMMUNICATION IN BUSINESS AND THE PROFESSIONS
_c
OHAIR,D
942
_2
udc
_c
BK
999
_c
36470
_d
36470